Grandes países com baixo desenvolvimento - Statistics

Estatísticas Gerais
  • Esse quiz foi jogado 41 vezes
  • A pontuação média é 14 de 20
Estatísticas das Respostas
Diferença Países % Correto
160 RD Congo
97%
168 Níger
92%
126 Angola
89%
133 Nigéria
84%
162 Sudão
84%
146 Etiópia
81%
135 Mauritânia
76%
147 Moçambique
76%
150 Somália
76%
170 Chade
73%
152 Sudão do Sul
73%
124 Índia
70%
165 Mali
70%
135 Tanzânia
68%
116 Zâmbia
65%
135 Paquistão
59%
139 Madagascar
57%
141 Afeganistão
51%
148 Rep. Centro-Africana
51%
135 Iêmen
43%
Nenhum quiz correspondente encontrado
Distribuição das Pontuações
Porcentagem de Pessoas com Cada Pontuação
Percentil de Números Respondidos
Sua Pontuação Histórica
Você não jogou esse quiz